Allemagne ou Autriche? - Statistiques

Statistiques générales
  • Ce quiz a été pris 128 fois
  • Le résultat moyen est 21 sur 30
Statistiques - réponses
Hint Réponse % Correct
Vienne Autriche
93%
Plus grand Allemagne
92%
Plus peuplé Allemagne
90%
Porsche Allemagne
90%
Berlinales Allemagne
89%
Membre fondateur de l'Union Européenne Allemagne
88%
Bavière Allemagne
87%
Wolfgang Amadeus Mozart Autriche
85%
Château de Neuschwanstein Allemagne
80%
Germanophone Les deux
77%
Tyrol Autriche
76%
"Österreich" en allemand Autriche
73%
Berceau du protestantisme Allemagne
72%
Richard Wagner Allemagne
72%
Arnold Schwarzenegger Autriche
70%
Bauhaus Allemagne
69%
Château de Schönbrunn Autriche
69%
Gustav Klimt Autriche
69%
Red Bull Autriche
64%
Palais de Sanssouci Allemagne
58%
Ludwig van Beethoven Allemagne
57%
Palais du Belvédère Autriche
57%
Majoritairement catholique Autriche
54%
Sa capitale est surnommée "la rouge" Autriche
53%
Contient une partie des Alpes Les deux
52%
Le Danube y coule Les deux
52%
Schnitzel Autriche
49%
État fédéral Les deux
48%
Dirigé par un chancelier Les deux
44%
Divisé en quatre secteurs d'occupation en 1945 Les deux
30%
Aucun quiz correspondant
Distribution des résultats
% des personnes avec chaque résultat
Percentile par nombre de réponses
Votre historique - résultats
Vous n’avez pas pris ce quiz